书目信息 |
| 题名: |
中国外交第一人周恩来
|
|
| 作者: | 曹应旺, 著 | |
| 分册: | ||
| 出版信息: | 上海 上海人民出版社 2006.01 |
|
| 页数: | 301页 | |
| 开本: | 22cm | |
| 丛书名: | ||
| 单 册: | ||
| 中图分类: | K827=7 | |
| 科图分类: | ||
| 主题词: | 政治家--zheng zhi jia--生平事迹--中国--现代 | |
| 电子资源: | ||
| ISBN: | 7-208-05965-9 | |
| 000 | 00828nam0 2200241 450 | |
| 001 | 0654390117 | |
| 005 | 20060529093428.35 | |
| 010 | @a7-208-05965-9@dCNY30.00 | |
| 099 | @aCAL 012006014721 | |
| 100 | @a20050510d2006 ekmy0chiy0121 ea | |
| 101 | 0 | @achi |
| 102 | @aCN@b310000 | |
| 200 | 1 | @a中国外交第一人周恩来@AZhong Guo Wai Jiao Di Yi Ren Zhou En Lai@f曹应旺著 |
| 210 | @a上海@c上海人民出版社@d2006.01 | |
| 215 | @a301页@c图@d22cm | |
| 320 | @a有书目 | |
| 330 | @a本书记述了周恩来作为总理在外交事物方面的功绩,研究周恩来外交历史地位,突出研究了他的外交业绩与外交智慧。 | |
| 600 | 0 | @a周恩来,@AZhou En Lai@f1898-1976@x生平事迹 |
| 606 | 0 | @a政治家@Azheng zhi jia@x生平事迹@y中国@z现代 |
| 690 | @aK827=7@v4 | |
| 701 | 0 | @a曹应旺,@ACao Ying Wang@f1951-@4著 |
| 801 | 0 | @aCN@bNUL@c20060529 |
| 905 | @a10447@dK827=7@eC1672 | |
| 中国外交第一人周恩来/曹应旺著.-上海:上海人民出版社,2006.01 |
| 301页:图;22cm |
| ISBN 7-208-05965-9:CNY30.00 |
| 本书记述了周恩来作为总理在外交事物方面的功绩,研究周恩来外交历史地位,突出研究了他的外交业绩与外交智慧。 |
| ● |
| 相关链接 |
|
|
|
正题名:中国外交第一人周恩来
索取号:K827=7/C1672
 
预约/预借
| 序号 | 登录号 | 条形码 | 馆藏地/架位号 | 状态 | 备注 |
| 1 | 557608 | 205576081 | 社科库309/309社科库 58排6列5层/ [索取号:K827=7/C1672] | 在馆 | |
| 2 | 557609 | 205576090 | 社科库309/309社科库 58排6列5层/ [索取号:K827=7/C1672] | 在馆 | |
| 3 | 557610 | 205576107 | 社科库309/309社科库 58排6列5层/ [索取号:K827=7/C1672] | 在馆 | |
| 4 | 604570 | 206045705 | 社科库309/309社科库 58排6列5层/ [索取号:K827=7/C1672] | 在馆 | |
| 5 | 604571 | 206045714 | 社科库309/309社科库 58排6列5层/ [索取号:K827=7/C1672] | 在馆 | |
| 6 | 604572 | 206045723 | 社科库309/ [索取号:K827=7/C1672] | 在馆 |